00392nam a2200157 a 45000010005000000030009000050080041000140400028000550820009000831000019000922450028001112600032001393000015001714900025001866500023002115814CO-ViMGA141112s2004 ck r 000 u spa d aCO-ViMGAbspacCO-ViMGA04aMAUr1 aMaurois, Andre10aReventones y alambretes aBarcelona : bLabor, c1977 a184 p : il aBolsillo juvenil, 1314aCUENTOS DE NIÑOS